Library Banner

Mirziyyat aur Islam = مرزائیت اور اسلام / (Record no. 121568)

MARC details
000 -LEADER
fixed length control field 00563nam a22001817a 4500
005 - DATE AND TIME OF LATEST TRANSACTION
control field 20210303105250.0
008 - FIXED-LENGTH DATA ELEMENTS--GENERAL INFORMATION
fixed length control field 210303b ||||| |||| 00| 0 eng d
040 ## - CATALOGING SOURCE
Transcribing agency PK-LaUMT
082 ## - DEWEY DECIMAL CLASSIFICATION NUMBER
Classification number RHC 297.86
Item number EHS-M
100 ## - MAIN ENTRY--PERSONAL NAME
Personal name Ehsan Ilahi Zaheer = احسان الہی ظہیر
245 ## - TITLE STATEMENT
Title Mirziyyat aur Islam = مرزائیت اور اسلام /
Statement of responsibility, etc by Ehsan Ilahi Zaheer = احسان الہی ظہیر
260 ## - PUBLICATION, DISTRIBUTION, ETC. (IMPRINT)
Place of publication, distribution, etc Lahore :
Name of publisher, distributor, etc Idarah Tarjman ul Sunnat,
Date of publication, distribution, etc 1976
300 ## - PHYSICAL DESCRIPTION
Extent 240 p.
546 ## - LANGUAGE NOTE
Language note Urdu
650 ## - SUBJECT ADDED ENTRY--TOPICAL TERM
Topical term or geographic name as entry element Islam
650 ## - SUBJECT ADDED ENTRY--TOPICAL TERM
Topical term or geographic name as entry element Mirziyyat
942 ## - ADDED ENTRY ELEMENTS (KOHA)
Koha item type Books
Holdings
Withdrawn status Lost status Damaged status Home library Current library Date acquired Full call number Barcode Date last seen Price effective from Koha item type
      UMT Main Campus UMT Main Campus 2021-03-03 RHC 297.86 EHS-M 136747 2021-03-03 2021-03-03 Books